<?xml version="1.0" encoding="UTF-8"?>
<marc:record xmlns:marc="http://www.loc.gov/MARC21/slim">
   <marc:leader>00000nam a2200000 a 4500</marc:leader>
   <marc:datafield ind1="1" ind2=" " tag="100">
      <marc:subfield code="a">Tielmann, Christian</marc:subfield>
      <marc:subfield code="4">aut</marc:subfield>
      <marc:subfield code="e">Verfasser/-in</marc:subfield>
   </marc:datafield>
   <marc:datafield ind1=" " ind2=" " tag="653">
      <marc:subfield code="a">Kinderbuch</marc:subfield>
   </marc:datafield>
   <marc:datafield ind1=" " ind2=" " tag="653">
      <marc:subfield code="a">Erstlesealter, Vorschulalter</marc:subfield>
   </marc:datafield>
   <marc:datafield ind1="0" ind2="0" tag="245">
      <marc:subfield code="a">Aufregung im Bike-Park</marc:subfield>
   </marc:datafield>
   <marc:datafield ind1="0" ind2="0" tag="245">
      <marc:subfield code="c">Tielmann, Christian</marc:subfield>
   </marc:datafield>
   <marc:datafield ind1=" " ind2="1" tag="264">
      <marc:subfield code="a">Bindlach</marc:subfield>
      <marc:subfield code="b">Loewe</marc:subfield>
      <marc:subfield code="c">2024</marc:subfield>
   </marc:datafield>
   <marc:datafield ind1="1" ind2=" " tag="490">
      <marc:subfield code="a">Leselöwen 3. Klasse</marc:subfield>
   </marc:datafield>
   <marc:datafield ind1=" " ind2=" " tag="250">
      <marc:subfield code="a">3. Auflage 2025</marc:subfield>
   </marc:datafield>
   <marc:datafield ind1="1" ind2=" " tag="520">
      <marc:subfield code="a">Loewe-Bücher: garantiert ohne KI&#xD;
  &#xD;
&#xD;
  &#xD;
Ein Bike-Rennen der Extraklasse &#xD;
  &#xD;
Arvid trainiert jede freie Minute, denn es steht ein großes Rennen an. Dafür werden berühmte Fahrer in den Bike-Park kommen. Doch Arvids Eltern wollen nicht, dass er teilnimmt. Wird er es trotzdem schaffen? &#xD;
  &#xD;
&#xD;
  &#xD;
Schenken Sie Ihrem Kind das bewährte Erfolgskonzept zum Lesenlernen &#xD;
  &#xD;
 &#xD;
   &#xD;
   Mit Super-Biker Erik Fedko, erfolgreicher Mountainbike-Slopestyle-Fahrer &#xD;
   Ideal für alle Drittklässler*innen, die beim Lesen noch Unterstützung benötigen &#xD;
   Kurze Texte, Comic-Elemente und spannende Gestaltung für mehr Spaß am Lesen &#xD;
   Topthema Mountainbike, Slopestyle, Downhill &#xD;
   fantastisch illustriert &#xD;
   Seit über 45 Jahren lernen Kinder mit den Leselöwen erfolgreich lesen &#xD;
   Über 27 Millionen verkaufte Exemplare – Die Nr. 1 in Deutschland, Österreich und der Schweiz &#xD;
   Spannende Geschichten für geübte Leseanfänger, unverzichtbar zum Lesenlernen mit Spaß &#xD;
   Von Lehrern mitentwickelt und empfohlen, von Grundschülern getestet  &#xD;
   Einfache, kurze Sätze in großer Fibelschrift unterstützen optimal den Leselern-Prozess  &#xD;
   Genau auf die Interessen und Lesefähigkeiten von Grundschülern ausgerichtet &#xD;
   Inklusive spannendem „Schon gewusst“-Sachwissen &#xD;
   Abwechslungsreiche Quizfragen auf Antolin steigern die Lesemotivation</marc:subfield>
   </marc:datafield>
   <marc:datafield ind1=" " ind2=" " tag="020">
      <marc:subfield code="a">9783743216273</marc:subfield>
      <marc:subfield code="9">9783743216273</marc:subfield>
   </marc:datafield>
   <marc:datafield ind1=" " ind2=" " tag="020">
      <marc:subfield code="a">3743216272</marc:subfield>
      <marc:subfield code="9">3743216272</marc:subfield>
   </marc:datafield>
   <marc:datafield ind1=" " ind2=" " tag="041">
      <marc:subfield code="a">ger</marc:subfield>
   </marc:datafield>
   <marc:datafield ind1=" " ind2=" " tag="300">
      <marc:subfield code="b">Illustrationen</marc:subfield>
   </marc:datafield>
   <marc:datafield ind1="1" ind2=" " tag="521">
      <marc:subfield code="a">Leseanfänger</marc:subfield>
   </marc:datafield>
   <marc:datafield ind1=" " ind2=" " tag="338">
      <marc:subfield code="a">Band</marc:subfield>
   </marc:datafield>
   <marc:datafield ind1=" " ind2=" " tag="300">
      <marc:subfield code="a">59 Seiten</marc:subfield>
   </marc:datafield>
</marc:record>
